000 00547cam a22002291 4500
001 sa 68009702
003 DLC
005 20260227112545.0
008 940831m19689999ii a 000 0 orio
010 _asa 68009702
025 _aPL480:I-O-896
035 _a(OCoLC)31039406
040 _aDLC
_cCU
_dCU
_dDLC
042 _apremarc
050 0 0 _aPK2561
_b.M3
100 1 _aMahanti, Brajamohan.
245 1 0 _aOdiā bhāshā bijñāna.
260 _c1968-
300 _av.
_bill.
_c23 cm.
500 _aIn Oriya.
650 0 _aOriya philology.
999 _c83083
_d83083